000 00227nam a22000857a 4500
008 170104b xxu||||| |||| 00| 0 eng d
100 _92266
_aAggrwal.K.et al
245 _aMental Maths-X
260 _aNew Delhi
_bRachna Publication
_c2012
999 _c5153
_d5153